| 000 | 00960nam a22002177a 4500 | ||
|---|---|---|---|
| 999 |
_c59043 _d59043 |
||
| 003 | Ge_BSU | ||
| 005 | 20221110162815.0 | ||
| 008 | 221110s2022ge xxu||||| |||| 00| 0 geo d | ||
| 020 | _a9789941341328 | ||
| 041 | _ageo | ||
| 080 | _a327 მ-70 | ||
| 100 |
_aმირიანაშვილი,გიორგი. _915764 |
||
| 245 |
_aევროპის კავშირის ცნობარი / _cგიორგი მირიანაშვილი. |
||
| 264 |
_aთბილისი: _bმერიდიანი, _c2022. |
||
| 300 |
_a280 გვ.: _c20 სმ. |
||
| 504 | _aბიბლიოგრაფ.გვ:268-274 | ||
| 653 | _aევროპის კავშირის ცნობარი | ||
| 653 | _aსაერთაშორისო ურთიერთობანი. საგარეო პოლიტიკა | ||
| 773 |
_tნაჩუქარი, _wმ.ნაკაშიძე |
||
| 942 |
_2udc _cBK |
||